00472nam a22001577a 4500008004100000040005500041080001100096245004200107260003700149300001500186490003600201650001300237653002100250653001700271700002600288230421b |||||||| |||| 00| 0 eng d aNational Science LibrarycNational Science Library a61(05) aBiology of the schizophrenic process  aNew York: bPlenum Press, c1976 axi, 199p.  aAdvances in behavioral biology  aBiology  aNeuroanatomical  aBiochemical  aNandy, Kalidas (Ed.)